উন্নয়ন ভাবনা / (Record no. 74127)
[ view plain ]
| 000 -LEADER | |
|---|---|
| fixed length control field | 01136nam a2200265 a 4500 |
| 001 - CONTROL NUMBER | |
| control field | 74127 |
| 003 - CONTROL NUMBER IDENTIFIER | |
| rucl marc code | BD-RjUL |
| 005 - DATE AND TIME OF LATEST TRANSACTION | |
| control field | 20211209082511.0 |
| 008 - FIXED-LENGTH DATA ELEMENTS--GENERAL INFORMATION | |
| fixed length control field | 180305s2011 bg d|||| b||| 001 0 ben d |
| 020 ## - INTERNATIONAL STANDARD BOOK NUMBER | |
| International Standard Book Number | 9789848810118 |
| Terms of availability | Tk. 700.00 |
| 035 ## - SYSTEM CONTROL NUMBER | |
| System control number | (BD-RjUL)74345 |
| 040 ## - CATALOGING SOURCE | |
| Original cataloging agency | BD-RjUL |
| Language of cataloging | eng |
| Transcribing agency | BD-RjUL |
| 041 ## - LANGUAGE CODE | |
| Language code of text/sound track or separate title | ben |
| 082 ## - DEWEY DECIMAL CLASSIFICATION NUMBER | |
| Edition number | 23 |
| Classification number | 338.9 |
| Author mark and year | CHU 2011 |
| 100 1# - MAIN ENTRY--PERSONAL NAME | |
| Personal name | রবার্ট, চ্যাম্বার্স |
| 9 (RLIN) | 220369 |
| 245 10 - TITLE STATEMENT | |
| Title | উন্নয়ন ভাবনা / |
| Statement of responsibility, etc. | চ্যাম্বার্স রবার্ট ; অনুবাদ মোহা: আমিনুল ইসলাম |
| 260 ## - PUBLICATION, DISTRIBUTION, ETC. (IMPRINT) | |
| Place of publication, distribution, etc. | ঢাকা : |
| Name of publisher, distributor, etc. | এ এইচ দেভেলপমেন্ট পাব, |
| Date of publication, distribution, etc. | ২০১১ |
| 300 ## - PHYSICAL DESCRIPTION | |
| Pagination | ১৯, ৩৫৯ পৃ. : |
| Illustrations | ছবি ; |
| Size | ২২ সেমি. |
| 500 ## - GENERAL NOTE | |
| General note | ইন্ডেক্স সম্বলিত |
| 504 ## - BIBLIOGRAPHY, ETC. NOTE | |
| Bibliography, etc | বিবলিওগ্রাফী সংযোজিত |
| 650 ## - SUBJECT ADDED ENTRY--TOPICAL TERM | |
| Topical term or geographic name as entry element | অর্থনৈতিক উন্নয়ন |
| 9 (RLIN) | 220370 |
| Topical term or geographic name as entry element | economic development |
| 9 (RLIN) | 220371 |
| 700 ## - ADDED ENTRY--PERSONAL NAME | |
| Personal name | ইসলাম, মো: আমিনুল |
| 942 ## - ADDED ENTRY ELEMENTS (KOHA) | |
| Source of classification or shelving scheme | Dewey Decimal Classification |
| Koha item type | Books |
| Lost status | Source of classification or shelving scheme | Damaged status | Not for loan | Collection code | Permanent Location | Current Location | Shelving location | Date acquired | Source of acquisition | Cost, normal purchase price | Total Checkouts | Full call number | Date last seen | Copy number | Koha item type |
|---|---|---|---|---|---|---|---|---|---|---|---|---|---|---|---|
| Dewey Decimal Classification | Not For Loan | Non-fiction | Central Library, University of Rajshahi | Central Library, University of Rajshahi | Reading Room | 05/04/2017 | Rajshahi Viddyasagor | 700.00 | B 338.9 CHU 2011 | 05/03/2018 | C-1 | Books | |||
| Dewey Decimal Classification | Non-fiction | Central Library, University of Rajshahi | Central Library, University of Rajshahi | 05/04/2017 | Rajshahi Viddyasagor | 700.00 | B 338.9 CHU 2011 | 05/03/2018 | C-2 | Books | |||||
| Dewey Decimal Classification | Non-fiction | Central Library, University of Rajshahi | Central Library, University of Rajshahi | 05/04/2017 | Rajshahi Vidyasagar | 700.00 | B 338.9 CHU 2011 | 11/03/2018 | C-3 | Books |